| 000 | nam a22 a 4500 | ||
|---|---|---|---|
| 999 |
_c39196 _d39196 |
||
| 003 | BLK | ||
| 005 | 20211222135750.0 | ||
| 008 | 180408b bul|||||r ||||||| ||bul|| | ||
| 010 | _aKNG00042511000 | ||
| 040 | _aBLK | ||
| 041 |
_aBUL _cBUL |
||
| 080 |
_b634.1/.7 _z634.1/.7 |
||
| 100 | 1 |
_aВелков, Велко _eпърви автор _9276477 |
|
| 139 |
_aВелков, Велко _bВ 43 |
||
| 245 | 1 | 0 |
_aРезитба на овощните дървета _cВелко Велков. |
| 250 | _a4. осн. прераб. изд. | ||
| 257 | _aBGR | ||
| 260 |
_bЗемиздат _c1961 _aСофия |
||
| 300 |
_a240 с. с ил. _c20 см |
||
| 380 | _a63 | ||
| 650 | 4 |
_aОвощарство - наръчници и ръководства _9242002 |
|
| 852 | _aЦб 21357 | ||
| 856 | 4 | _qpdf | |
| 856 | 4 | _qpdf | |
| 942 |
_cKNG _n0 _s1 |
||
| 944 |
_aCR _c30.08.2016 _kНора_Радева |
||
| 944 |
_aED _c30.08.2016 _kНора_Радева |
||
| 944 |
_aED _c2021-12-22 _kВК |
||
| 999 | _d39196 | ||